A Course Of Pure Mathematics (Record no. 180109)

000 -LEADER
fixed length control field 00993 a2200181 4500
003 - CONTROL NUMBER IDENTIFIER
control field Nust
005 - DATE AND TIME OF LATEST TRANSACTION
control field 20250925112958.0
040 ## - CATALOGING SOURCE
Transcribing agency Nust
082 ## - DEWEY DECIMAL CLASSIFICATION NUMBER
Classification number 510
100 ## - MAIN ENTRY--PERSONAL NAME
Personal name Hardy G.H
9 (RLIN) 39147
245 ## - TITLE STATEMENT
Title A Course Of Pure Mathematics
Statement of responsibility, etc. G.H Hardy
250 ## - EDITION STATEMENT
Edition statement 10th ed
260 ## - PUBLICATION, DISTRIBUTION, ETC.
Place of publication, distribution, etc. London
Name of publisher, distributor, etc. Cambridge university
Date of publication, distribution, etc. 1963
300 ## - PHYSICAL DESCRIPTION
Extent 509p
505 ## - FORMATTED CONTENTS NOTE
Formatted contents note Real Variables (Page-1) Functions of Real Variables (Page-40) Complex Numbers (Page-72) Limits of Functions of a Positive Integral Variable (Page-110) Limits of Functions of A Continuous Variable Continuous and Discontinuous Functions (Page-172) Derivatives and Integrals (Page-210) Additional Theorems in the Differential and Integral Calculus (Page-285) The Convergence of Infinite Series and Infinite Integrals (Page-341) The Logarithms Exponential and Circular Function of A Real Variables (Page-398) The General Theory of The Logarithmic Exponential and Circular Functions (Page-447)
650 ## - SUBJECT ADDED ENTRY--TOPICAL TERM
Topical term or geographic name entry element Mathematic
9 (RLIN) 130698
942 ## - ADDED ENTRY ELEMENTS (KOHA)
Source of classification or shelving scheme
Koha item type Book
Holdings
Withdrawn status Lost status Source of classification or shelving scheme Damaged status Not for loan Permanent Location Current Location Shelving location Date acquired Full call number Barcode Date last seen Price effective from Koha item type
          Military College of Signals (MCS) Military College of Signals (MCS) General Stacks 12/12/2016 510,HAR MCS7688 12/08/2016 12/12/2016 Book
© 2023 Central Library, National University of Sciences and Technology. All Rights Reserved.